00654 2200229 4500001002100000005001500021035002000036007000300056008004100059020002200100082001100122084001700133100002100150245007700171250002300248300001600271700003400287264003600321336002100357337001900378338002700397INLIS00000000000013020241021011457 a0010-1024000021ta241021 c 0 ind  a978-602-5400-59-9 a297.63 a297.63 DAK p0 aDakumePengarang1 aPendidikan Tarikh SMP Muhammadiyah Kelas IX /cDakum, Mursyidatun Ni'mah aCetakan 3, Jilid 3 a150 :bilus0 aMursyidatun Ni'mahePengarang aYogyakarta :bGramasurya,c2020 2rdacontentateks 2rdamediaaBuku 2rdacarrieraSoft Cover